| 000 | 00691nam a2200157 a 4500 | ||
|---|---|---|---|
| 008 | 090115s1984 ||||||||||||||||| || u | ||
| 050 | _aGOV.ZAM(058)APB/1984 | ||
| 110 | _aGovernment of the Republic of Zambia (GRZ) | ||
| 245 | 1 | 0 |
_aReport of the Auditor-General for 1982 on the Accounts of Parastatal Bodies _cBy The Auditor General |
| 260 |
_aLusaka _bGovernment Printer _c1984 |
||
| 300 | _a45p. | ||
| 350 | _a0.00 | ||
| 650 | _aAUDITORS' REPORTS--ZAMBIA | ||
| 650 | _aGOVERNMENT OF THE REPUBLIC OF ZAMBIA (GRZ)--AUDITING | ||
| 995 |
_D0.00 _FCBU-MAIN LIBRARY (Kitwe) _H1 _I0.00 _M1 _UAVAILABLE _WJan 15, 2009 _ZZambiana Collection |
||
| 999 |
_c56090 _d56090 |
||